Londres en guerra, 1939-1942 : impressions d'un exiliat / Carles Pi i Sunyer impressions d'un exiliat / Carles Pi i Sunyer
ISBN:
84-95417-60-x
Descripción Física:
266 p. ; 21 cm
MARC
| LEADER | 00000nam a2200000Ia 4500 | ||
|---|---|---|---|
| 001 | 17577 | ||
| 008 | 160829s2006 xx 000 0 cat d | ||
| 020 | |a 84-95417-60-x | ||
| 080 | |a M-5-197 | ||
| 100 | 1 | |a Pi i Sunyer, Carles, |d 1888-1971 |9 55456 | |
| 245 | |a Londres en guerra, 1939-1942 : |b impressions d'un exiliat / Carles Pi i Sunyer | ||
| 260 | |a Barcelona : |b Fundació Carles Pi i Sunyer d'Estudis Autonòmics i Locals, |c 2006 | ||
| 300 | |a 266 p. ; |c 21 cm | ||
| 600 | 1 | 0 | |a Pi i Sunyer, Carles, |d 1888-1971 |9 55456 |
| 650 | |a Guerra Mundial II, 1939-1945 |x Relats personals |9 23485 | ||
| 650 | 0 | |a Polítics |x Catalunya |x S. XX |9 30754 | |
| 710 | 1 | |a Fundació Carles Pi i Sunyer d'Estudis Autonòmics i Locals |9 52753 | |
| 901 | |a Arxiu | ||
| 942 | |n 1 | ||
| 952 | |0 0 |1 0 |4 0 |6 M5197 |7 1 |9 42727 |a Arxiu |b Arxiu |d 2016-12-01 |l 0 |o M-5-197 |p 17577 |r 2016-12-01 00:00:00 |w 2016-12-01 |y ARXIU | ||
| 999 | |c 45233 |d 45233 | ||